00743nam a2200229 i 4500003000900000005001700009007000300026008004100029020001800070040003000088082002800118110004700146245006100193250002300254264003700277300004500314336002700359337003400386338002800420500003500448650003000483DO-SdBNP20240717145501.0ta240610s2023 dr a 001 j spa d a9789945923124 aDO-SdBNPbspacBNPHUerda 4aR-PD 419.7293bD5452221 aConsejo Nacional de Discapacidad (Conadis)10aDiccionario oficial de la lengua de señas dominicana / aPrimera edición  1aSanto Domingo :bConadis,c2023. a854 páginas :bilustraciones ;c30 cm. 2rdacontentatextobtxt 2rdamediaasin mediación bn 2rdacarrieravolumenbnc aIncluye índice de palabras.  0aComunicación no verbal